000 00319nam a22001457a 4500
003 SGT
020 _a978-93-152-620-9
082 _a614
_bF15D
100 _aDEKAL, V
245 _aEXAM FORANENSIC MEDICINE AND TOXILOGY
260 _aNEW DELHI
_bJAYPEE
_c2015
300 _a295
650 _aPHARMACY
942 _2ddc
_cBK
999 _c11176
_d11176